[Event "Athens SAE op"]
[Site "Athens"]
[Date "2001.10.29"]
[Round "7.4"]
[White "Fournarakos, Gerasimos"]
[Black "Koukofikis, Alexandros"]
[Result "1-0"]
[WhiteElo "2041"]
[BlackElo "2136"]
[PlyCount "93"]
[EventDate "2001.10.08"]
[EventType "swiss"]
[EventRounds "7"]
[EventCountry "GRE"]
[SourceTitle "EXT 2003"]
[Source "ChessBase"]
[SourceDate "2002.11.25"]
[SourceVersion "1"]
[SourceVersionDate "2002.11.25"]
[SourceQuality "1"]

1. d4 c6 2. c4 g6 3. Nc3 Bg7 4. e4 d6 5. Be2 Nf6 6. Bg5 h6 7. Be3 0-0 8. Qd2 Kh7 9. h4 a6 10. f3 Nh5 11. g4 Ng3 12. Rh3 Nxe2 13. Ngxe2 e5 14. dxe5 dxe5 15. Qxd8 Rxd8 16. Na4 Nd7 17. 0-0-0 Re8 18. c5 Rb8 19. Rh2 Nf6 20. Bxh6 Bxh6+ 21. g5 Nh5 22. gxh6 Be6 23. b3 Rbd8 24. Rhh1 Kxh6 25. Kc2 f5 26. Rd6 b5 27. Nac3 Rxd6 28. cxd6 Rd8 29. Rd1 Nf6 30. f4 Ng4 31. Kb2 b4 32. Na4 Nf2 33. Rf1 Nd3+ 34. Kc2 fxe4 35. fxe5 Nxe5 36. Rf6 Bf5 37. Nd4 Kg7 38. Rxf5 gxf5 39. Ne6+ Kf6 40. Nxd8 f4 41. Nc5 e3 42. Ne4+ Kf5 43. Ng5 f3 44. Nxf3 Nxf3 45. Kd3 Ke5 46. Nf7+ Kf6 47. d7 1-0

[Event "Athens SAE op"]
[Site "Athens"]
[Date "2001.10.25"]
[Round "5.3"]
[White "Goumas, Ioannis"]
[Black "Koukofikis, Alexandros"]
[Result "1-0"]
[WhiteElo "2145"]
[BlackElo "2136"]
[PlyCount "61"]
[EventDate "2001.10.08"]
[EventType "swiss"]
[EventRounds "7"]
[EventCountry "GRE"]
[SourceTitle "EXT 2003"]
[Source "ChessBase"]
[SourceDate "2002.11.25"]
[SourceVersion "1"]
[SourceVersionDate "2002.11.25"]
[SourceQuality "1"]

1. e4 g6 2. d4 Bg7 3. Nc3 c6 4. Bc4 b5 5. Bb3 d6 6. Nf3 Nf6 7. e5 dxe5 8. Nxe5 0-0 9. 0-0 Bb7 10. Bg5 h6 11. Bxf6 exf6 12. Nxg6 Re8 13. Qh5 Qd7 14. Rfe1 Na6 15. Nh4 c5 16. Nf5 c4 17. Qg4 Qxf5 18. Qxf5 cxb3 19. Qxb5 Rab8 20. axb3 Nc7 21. Qd7 Ne6 22. Nd5 Bxd5 23. Qxd5 Red8 24. Qe4 Nxd4 25. g4 f5 26. gxf5 Kh8 27. Kh1 Rbc8 28. Ra4 Nb5 29. Rg1 f6 30. Rxg7 Kxg7 31. Qe7+ 1-0

[Event "Athens SAE op"]
[Site "Athens"]
[Date "2001.10.08"]
[Round "1.2"]
[White "Patriarheas, Georgios"]
[Black "Koukofikis, Alexandros"]
[Result "0-1"]
[WhiteElo "1740"]
[BlackElo "2136"]
[PlyCount "126"]
[EventDate "2001.10.08"]
[EventType "swiss"]
[EventRounds "7"]
[EventCountry "GRE"]
[SourceTitle "EXT 2003"]
[Source "ChessBase"]
[SourceDate "2002.11.25"]
[SourceVersion "1"]
[SourceVersionDate "2002.11.25"]
[SourceQuality "1"]

1. d4 g6 2. f4 Bg7 3. Nf3 d6 4. e4 Nf6 5. Nc3 0-0 6. Bd3 Nbd7 7. Qe2 Nb6 8. 0-0 Bg4 9. h3 Bxf3 10. Qxf3 e5 11. dxe5 dxe5 12. f5 c6 13. g4 Nfd7 14. Be3 g5 15. Qf2 Bf6 16. Ne2 Na4 17. b3 Nb2 18. Ng3 Nxd3 19. cxd3 Be7 20. Nh5 f6 21. h4 h6 22. hxg5 hxg5 23. Qc2 Qa5 24. Qc4+ Rf7 25. Kg2 Qb5 26. Qxb5 cxb5 27. Rac1 Bd6 28. Rc2 Rff8 29. Ng3 Kf7 30. Rh1 Rh8 31. Rh5 b6 32. Kf3 Rxh5 33. gxh5 Bc5 34. h6 Rh8 35. Rh2 Bf8 36. Ne2 Rxh6 37. Rxh6 Bxh6 38. Kg4 Bf8 39. Nc3 a6 40. Nd5 Bc5 41. b4 Bd4 42. Bxd4 exd4 43. Kf3 Kg7 44. a3 Kh6 45. Nc7 Ne5+ 46. Ke2 g4 47. Nxa6 Kg5 48. Nc7 Kh4 49. Ne6 g3 50. Nxd4 Kh3 51. Ne6 g2 52. Nf4+ Kg3 53. Nxg2 Kxg2 54. d4 Nd7 55. Ke3 Kg3 56. e5 fxe5 57. dxe5 Kg4 58. e6 Nf6 59. Kd4 Kxf5 60. e7 Ke6 61. a4 bxa4 62. e8Q+ Nxe8 63. Kc4 Nd6+ 0-1